Introduction to engineering mechanics (Record no. 17563)

000 -LEADER
fixed length control field 00597nam a22002051 4500
001 - CONTROL NUMBER
control field 17563
003 - CONTROL NUMBER IDENTIFIER
control field BD-DhUET
008 - FIXED-LENGTH DATA ELEMENTS--GENERAL INFORMATION
fixed length control field 100604s1961 maua b 000 0 eng
040 ## - CATALOGING SOURCE
Original cataloging agency DLC
Transcribing agency DLC
Modifying agency BD-DhUET
082 ## - DEWEY DECIMAL CLASSIFICATION NUMBER
Classification number 620.1
Item number HUD/1961
100 ## - MAIN ENTRY--PERSONAL NAME
Personal name Huddleston, John V.
245 10 - TITLE STATEMENT
Title Introduction to engineering mechanics
250 ## - EDITION STATEMENT
Edition statement 1st ed.
260 ## - PUBLICATION, DISTRIBUTION, ETC. (IMPRINT)
Place of publication, distribution, etc. Massachusetts
Name of publisher, distributor, etc. Addison-Wesley Publishing
Date of publication, distribution, etc. 1961
300 ## - PHYSICAL DESCRIPTION
Extent xii, 493 p.
Other physical details ill.
Dimensions 24 cm.
490 0# - SERIES STATEMENT
Series statement Addison-Wesley series in the engineering sciences
504 ## - BIBLIOGRAPHY, ETC. NOTE
Bibliography, etc Includes bibliographies
650 #0 - SUBJECT ADDED ENTRY--TOPICAL TERM
Topical term or geographic name as entry element Engineering mechanics
942 ## - ADDED ENTRY ELEMENTS (KOHA)
Koha item type General Book
Holdings
Sublocation or collection (holding branch) Withdrawn status Piece designation (barcode) Shelving location Not for loan Koha date last seen Source of classification or shelving scheme Date acquired Lost status Koha item type Koha normalized classification for sorting Location (home branch) Copy number Damaged status Price effective from Koha full call number
Central Library, BUET 10262Circulation section 2015-03-24 2015-03-24 General Book620_100000000000000_HUD_1961Central Library, BUET1 2015-03-24620.1/HUD/1961
Central Library, BUET 38774Circulation section 2015-03-24 2015-03-24 General Book620_100000000000000_HUD_1961Central Library, BUET2 2015-03-24620.1/HUD/1961
Central Library, BUET 10263Circulation section 2015-03-24 2015-03-24 General Book620_100000000000000_HUD_1961Central Library, BUET3 2015-03-24620.1/HUD/1961
Central Library, BUET 28806Circulation section 2015-03-24 2015-03-24 General Book620_100000000000000_HUD_1961Central Library, BUET4 2015-03-24620.1/HUD/1961
Central Library, BUET 9235Circulation section 2015-03-24 2015-03-24 General Book620_100000000000000_HUD_1961Central Library, BUET5 2015-03-24620.1/HUD/1961
Central Library, BUET 9261Cataloging to Circulation 2015-03-24 2015-03-24 General Book620_100000000000000_HUD_1961Central Library, BUET6 2015-03-24620.1/HUD/1961
Central Library, BUET 37760Circulation section 2015-03-24 2015-03-24 General Book620_100000000000000_HUD_1961Central Library, BUET8 2015-03-24620.1/HUD/1961
Central Library, BUET 84383Circulation section 2015-03-28 2015-03-28 General Book620_100000000000000_HUD_1961Central Library, BUET7 2015-03-28620.1/HUD/1961